[Event "34.Schlosspark-Open"]
[Site "Wiesbaden-Biebrich"]
[Date "2025.08.30"]
[Round "5.59"]
[White "Fröhlich-Dill, Astrid"]
[Black "Diehl, Stefan"]
[Result "1-0"]
[WhiteElo "1786"]
[BlackElo "1856"]
[PlyCount "120"]
[EventDate "2025.08.28"]
[WhiteTeam "SV 1920 Hofheim"]
[BlackTeam "SC 1910 Höchst"]

1. d4 d5 2. c4 e6 3. Nc3 Nf6 4. Bg5 Be7 5. Nf3 O-O 6. e3 Nbd7 7. Bd3 Re8 8. O-O Nf8 9. Rc1 c6 10. Ne5 N6d7 11. Bxe7 Qxe7 12. f4 dxc4 13. Bxc4 Nb6 14. Bb3 Nd5 15. Qf3 Ng6 16. Nxg6 fxg6 17. e4 Nf6 18. e5 Nd5 19. Ne4 Rf8 20. Qg3 Bd7 21. Nd6 Rab8 22. Bxd5 exd5 23. Qa3 a6 24. Rc3 Bf5 25. h3 Qc7 26. g4 Bd7 27. f5 gxf5 28. gxf5 Rbd8 29. Rb3 Bc8 30. Nxc8 Rxc8 31. Rg3 Kh8 32. Rgf3 Rce8 33. b4 Qe7 34. Qc3 Qg5+ 35. Rg3 Qe7 36. a3 Rf7 37. Qe3 Ref8 38. Qg5 Qxg5 39. Rxg5 h6 40. Rh5 Kh7 41. Kg2 Kg8 42. Kg3 a5 43. e6 Re7 44. Re1 axb4 45. axb4 Ra8 46. Kf4 Rae8 47. Rg1 Kh7 48. Ke5 Rd8 49. Rg6 Rde8 50. Kd6 Kh8 51. Kc5 Rf8 52. b5 Kh7 53. Kd6 Rfe8 54. bxc6 bxc6 55. Kxc6 Rd8 56. Rh4 Kg8 57. Rhg4 Kh7 58. h4 Kh8 59. Rg3 Kh7 60. h5 Kh8 1-0

[Event "34.Schlosspark-Open"]
[Site "Wiesbaden-Biebrich"]
[Date "2025.08.30"]
[Round "5.60"]
[White "Börsch, Dieter"]
[Black "Launert, Martin"]
[Result "1-0"]
[WhiteElo "1779"]
[BlackElo "1855"]
[PlyCount "105"]
[EventDate "2025.08.28"]
[WhiteTeam "SK Bad Homburg 1927"]
[BlackTeam "Schachfreunde Eltville"]

1. d4 d5 2. c4 dxc4 3. Nf3 Nf6 4. e3 Bg4 5. Bxc4 e6 6. O-O Be7 7. Nbd2 O-O 8. Qb3 Qc8 9. Ne5 c6 10. Nxg4 Nxg4 11. Nf3 Nd7 12. Bd3 Ngf6 13. e4 h6 14. Bf4 Nh5 15. Be3 Nhf6 16. Rac1 Qb8 17. e5 Nd5 18. Bd2 a5 19. Bb1 Re8 20. Qd3 Nf8 21. Qe4 f5 22. exf6 Nxf6 23. Qe2 Bd6 24. Ne5 Re7 25. Rfe1 Qe8 26. g4 Bxe5 27. dxe5 Nd5 28. g5 hxg5 29. Bxg5 Rf7 30. Rc4 Ne7 31. Rh4 Nf5 32. Rh3 g6 33. Bf6 Rh7 34. Bxf5 exf5 35. Rxh7 Nxh7 36. Qc4+ Qf7 37. e6 Qxf6 38. e7+ Kg7 39. e8=Q Rxe8 40. Rxe8 Qg5+ 41. Kh1 f4 42. Qd4+ Kh6 43. Re4 Qb5 44. Kg1 Ng5 45. Qh8+ Nh7 46. Qe5 Qxe5 47. Rxe5 Nf6 48. Re7 b6 49. Rc7 Nd5 50. Rxc6 Nb4 51. Rxb6 Nxa2 52. Rb5 Nb4 53. Rxa5 1-0

[Event "34.Schlosspark-Open"]
[Site "Wiesbaden-Biebrich"]
[Date "2025.08.30"]
[Round "5.61"]
[White "Zeyen, Helmut"]
[Black "Gerber, Ingo"]
[Result "1-0"]
[WhiteElo "1845"]
[BlackElo "1708"]
[PlyCount "117"]
[EventDate "2025.08.28"]
[WhiteTeam "Wiesbadener SV 1885"]
[BlackTeam "Sfr.Mainz 1928"]

1. e4 e5 2. Nf3 Nf6 3. Nc3 Nc6 4. a3 d6 5. h3 h6 6. d3 Be6 7. d4 exd4 8. Nxd4 Nxd4 9. Qxd4 Be7 10. Be3 O-O 11. Qd2 Nh7 12. Nd5 Bg5 13. O-O-O Bxd5 14. Bxg5 Qxg5 15. exd5 Qxd2+ 16. Rxd2 a6 17. f3 Rae8 18. Re2 Nf6 19. Rxe8 Rxe8 20. c4 Re1+ 21. Kd2 Rb1 22. Kc2 Re1 23. g4 Nd7 24. Kd2 Rb1 25. Kc3 Ne5 26. Bg2 Rxh1 27. Bxh1 g5 28. Kd4 Ng6 29. b4 Kf8 30. c5 Ke7 31. a4 Nf4 32. Ke4 Nxh3 33. Bg2 Nf4 34. Bf1 dxc5 35. bxc5 a5 36. Bc4 b6 37. Kd4 f6 38. d6+ cxd6 39. cxb6 Kd7 40. Bb5+ Kc8 41. Bc6 Kb8 42. Kc4 Kc8 43. Kb5 d5 44. Kc5 h5 45. gxh5 Nxh5 46. Bxd5 Nf4 47. Be4 Ne2 48. Kc4 Ng3 49. Bd3 Kb7 50. Kb5 f5 51. Kxa5 g4 52. fxg4 fxg4 53. Bc4 Nh5 54. Bd5+ Kb8 55. Kb5 Nf4 56. Be4 g3 57. a5 g2 58. Bxg2 Nxg2 59. Kc6 1-0

[Event "34.Schlosspark-Open"]
[Site "Wiesbaden-Biebrich"]
[Date "2025.08.30"]
[Round "5.62"]
[White "Ziegler, Jörg"]
[Black "Vick, Edward"]
[Result "1/2-1/2"]
[WhiteElo "1838"]
[BlackElo "1719"]
[PlyCount "45"]
[EventDate "2025.08.28"]
[WhiteTeam "SAbt BKA Wiesbaden"]
[BlackTeam "TuS Makkabi Wiesbaden"]

1. d4 d5 2. Nf3 Bf5 3. Bf4 e6 4. c3 Bd6 5. Bxd6 Qxd6 6. e3 Nd7 7. Bd3 Bxd3 8. Qxd3 Ngf6 9. Nbd2 c5 10. dxc5 Nxc5 11. Qb5+ Qc6 12. Qxc6+ bxc6 13. Ne5 Rc8 14. c4 Nfd7 15. Nxd7 Kxd7 16. Ke2 e5 17. Rhc1 Ke6 18. b4 Nd7 19. c5 Rb8 20. a3 Rb7 21. Nb3 Rhb8 22. Na5 Rc7 23. f3 1/2-1/2

[Event "34.Schlosspark-Open"]
[Site "Wiesbaden-Biebrich"]
[Date "2025.08.30"]
[Round "5.63"]
[White "Bartsch, Marius"]
[Black "Wagner, Cosima Thien-An"]
[Result "0-1"]
[WhiteElo "1756"]
[BlackElo "1837"]
[PlyCount "55"]
[EventDate "2025.08.28"]
[WhiteTeam "Wiesbadener SV 1885"]
[BlackTeam "TV Tegernsee"]

1. e4 c5 2. Nf3 g6 3. d3 Bg7 4. g3 Nc6 5. Bg2 Rb8 6. O-O b5 7. Nbd2 Nf6 8. Re1 O-O 9. a3 Qc7 10. Nf1 d6 11. h3 Nd7 12. c3 Nde5 13. Nxe5 dxe5 14. Ne3 Rd8 15. Qe2 e6 16. Bf1 f5 17. Qf3 Bb7 18. Ng2 Na5 19. b4 cxb4 20. cxb4 Nb3 21. Bg5 Rf8 22. Qd1 Nxa1 23. Qxa1 Qf7 24. Qa2 Rbc8 25. d4 exd4 26. Bxb5 fxe4 27. Nf4 e5 28. Bc4 0-1

[Event "34.Schlosspark-Open"]
[Site "Wiesbaden-Biebrich"]
[Date "2025.08.30"]
[Round "5.64"]
[White "Ziska, Stephan"]
[Black "Drygalla, Alexander"]
[Result "1/2-1/2"]
[WhiteElo "1835"]
[BlackElo "1689"]
[PlyCount "53"]
[EventDate "2025.08.28"]
[WhiteTeam "SF Bürstadt"]
[BlackTeam "Schachverein Merseburg"]

1. e4 d5 2. exd5 Nf6 3. d4 Bg4 4. Nf3 Qxd5 5. Be2 Nc6 6. c4 Qf5 7. O-O O-O-O 8. d5 Bxf3 9. Bxf3 Ne5 10. Nd2 e6 11. Qa4 Bc5 12. dxe6 Qxe6 13. Qb5 Qb6 14. Qxb6 Bxb6 15. b4 Bd4 16. Rb1 Bc3 17. Ne4 Nxe4 18. Bxe4 Nxc4 19. Bg5 Nd2 20. Bf5+ Kb8 21. Bxd8 Nxb1 22. Bxc7+ Kxc7 23. Rc1 Kd6 24. Rxb1 Ke5 25. Bg4 f5 26. Bf3 h6 27. a4 1/2-1/2

[Event "34.Schlosspark-Open"]
[Site "Wiesbaden-Biebrich"]
[Date "2025.08.30"]
[Round "5.65"]
[White "Urban, Michael"]
[Black "Schild, Willi"]
[Result "1/2-1/2"]
[WhiteElo "1827"]
[BlackElo "2022"]
[PlyCount "75"]
[EventDate "2025.08.28"]
[WhiteTeam "Bergische SF Bergisch"]
[BlackTeam "Schachgemeinschaft Siebengebirge"]

1. d4 d5 2. Bf4 Nf6 3. e3 c5 4. dxc5 Qa5+ 5. Nd2 Nc6 6. a3 Qxc5 7. Ngf3 Bf5 8. Rc1 e6 9. c4 Qa5 10. Be2 Be7 11. O-O h6 12. Qb3 Qb6 13. Qc3 O-O 14. c5 Qd8 15. b4 a6 16. h3 Nd7 17. Nd4 Bf6 18. Bd3 Bxd3 19. Qxd3 e5 20. Nxc6 bxc6 21. Bg3 Re8 22. Nb3 Qc8 23. Rfd1 Bd8 24. f3 Nf6 25. e4 Bc7 26. Bh4 g5 27. Bf2 Qe6 28. exd5 Nxd5 29. Qc4 Kg7 30. Rb1 Reb8 31. Re1 f6 32. Rbd1 Qf7 33. Rd3 Rd8 34. Red1 Qg8 35. Qg4 Kg6 36. Qc4 Kh7 37. Qg4 Kh8 38. Qc4 1/2-1/2

[Event "34.Schlosspark-Open"]
[Site "Wiesbaden-Biebrich"]
[Date "2025.08.30"]
[Round "5.66"]
[White "Schneider, Felix"]
[Black "Mrsic, Ivan"]
[Result "0-1"]
[WhiteElo "1749"]
[BlackElo "1829"]
[PlyCount "96"]
[EventDate "2025.08.28"]
[WhiteTeam "SK Bad Homburg 1927"]
[BlackTeam "Sfr.Mainz 1928"]

1. Nf3 g6 2. e4 Bg7 3. d4 d6 4. Bc4 Nf6 5. Qe2 O-O 6. O-O Bg4 7. e5 dxe5 8. dxe5 Nd5 9. Nbd2 Nc6 10. Qe4 Bxf3 11. Nxf3 Nb6 12. Bb3 Na5 13. Bf4 Nxb3 14. axb3 Qd5 15. Qe2 c5 16. Rfd1 Qc6 17. c3 h6 18. h4 e6 19. Rd6 Qc7 20. c4 Nc8 21. Rd3 Rd8 22. Rad1 Ne7 23. Qd2 Nc6 24. Rd6 Kh7 25. Qd3 Qb6 26. h5 Rxd6 27. hxg6+ fxg6 28. exd6 Bxb2 29. Nh4 Rg8 30. d7 Bf6 31. Nf3 Rd8 32. Qe3 Nd4 33. Ne5 Bxe5 34. Bxe5 Rxd7 35. Qf4 Ne2+ 36. Kh2 Nxf4 37. Rxd7+ Kg8 38. Bxf4 g5 39. Be3 Qxb3 40. Bxc5 b6 41. Bd6 a5 42. c5 bxc5 43. Bxc5 Qb5 44. Rd8+ Kf7 45. Rf8+ Kg6 46. Ba3 Qe5+ 47. Kh3 h5 48. g3 Qa1 0-1

[Event "34.Schlosspark-Open"]
[Site "Wiesbaden-Biebrich"]
[Date "2025.08.30"]
[Round "5.67"]
[White "Busch, Günther"]
[Black "Bolduan, Michael"]
[Result "0-1"]
[WhiteElo "1660"]
[BlackElo "1825"]
[PlyCount "61"]
[EventDate "2025.08.28"]
[WhiteTeam "Sfr Stiller Zug Wiesbaden"]
[BlackTeam "Sfr Stiller Zug Wiesbaden"]

1. Na3 e6 2. c3 d5 3. Nf3 Nd7 4. d4 c6 5. Bf4 Be7 6. e3 Ngf6 7. h3 Ne4 8. Nc2 O-O 9. c4 Qa5+ 10. Nd2 Ndf6 11. c5 Nxd2 12. Qxd2 Qxd2+ 13. Kxd2 Ne4+ 14. Ke1 g5 15. Bd3 f5 16. Bxe4 gxf4 17. Bf3 fxe3 18. Nxe3 b6 19. Rc1 bxc5 20. dxc5 Rb8 21. b3 Rb5 22. Be2 Rxc5 23. Rxc5 Bxc5 24. Nc2 e5 25. Ne3 Be6 26. Nc2 e4 27. Rf1 d4 28. Bc4 Bxc4 29. bxc4 Rb8 30. Na1 Rb1+ 31. Ke2 0-1

[Event "34.Schlosspark-Open"]
[Site "Wiesbaden-Biebrich"]
[Date "2025.08.30"]
[Round "5.68"]
[White "Brandt, Michael"]
[Black "Khalilov, Asrat"]
[Result "1/2-1/2"]
[WhiteElo "1817"]
[BlackElo "1680"]
[PlyCount "77"]
[EventDate "2025.08.28"]
[WhiteTeam "FT Schierstein"]
[BlackTeam "SK Bad Schwalbach"]

1. f4 d5 2. Nf3 Bf5 3. e3 Nf6 4. Nc3 e6 5. d3 h6 6. Ne5 Nbd7 7. g4 Bh7 8. Nxd7 Nxd7 9. h4 Bg6 10. Bg2 Nb6 11. Qe2 Qd7 12. Bd2 Na4 13. Nxa4 Qxa4 14. b3 Qd7 15. Rf1 Be7 16. Rh1 Bf6 17. Rd1 O-O-O 18. Bb4 Be7 19. Qd2 f5 20. g5 hxg5 21. hxg5 Rxh1+ 22. Bxh1 Rh8 23. Bf3 Bh5 24. Kf2 Bxf3 25. Kxf3 Bxb4 26. Qxb4 Qd6 27. Qxd6 cxd6 28. Kg3 Kd7 29. c4 dxc4 30. dxc4 Ke7 31. Kg2 b6 32. Rh1 Rxh1 33. Kxh1 g6 34. Kg2 e5 35. Kf3 e4+ 36. Ke2 d5 37. cxd5 Kd6 38. Kd2 Kxd5 39. Kc3 1/2-1/2

[Event "34.Schlosspark-Open"]
[Site "Wiesbaden-Biebrich"]
[Date "2025.08.30"]
[Round "5.69"]
[White "Gärtner, David"]
[Black "Vranckx, Gabriel"]
[Result "1-0"]
[WhiteElo "1809"]
[BlackElo "1622"]
[PlyCount "65"]
[EventDate "2025.08.28"]
[WhiteTeam "Sfr.Mainz 1928"]
[BlackTeam "Sfr.Mainz 1928"]

1. e4 e5 2. Nf3 Nc6 3. Bc4 Bc5 4. c3 Nf6 5. d4 exd4 6. e5 d5 7. Bb5 Ne4 8. cxd4 Bb4+ 9. Nbd2 Bd7 10. O-O Nxd2 11. Bxd2 Bxd2 12. Qxd2 O-O 13. Be2 Re8 14. Ne1 Qe7 15. f4 Qb4 16. Qxb4 Nxb4 17. g4 f6 18. h3 fxe5 19. fxe5 Rf8 20. Bf3 c6 21. a3 Na6 22. Kf2 h5 23. gxh5 Bxh3 24. Rg1 Kh7 25. Ke3 Nc7 26. Rg3 Bf5 27. Ng2 Kh6 28. Rg1 g5 29. hxg6 Bxg6 30. Rh1+ Kg7 31. Nh4 Kf7 32. Nxg6 Rg8 33. Rhg1 1-0

[Event "34.Schlosspark-Open"]
[Site "Wiesbaden-Biebrich"]
[Date "2025.08.30"]
[Round "5.70"]
[White "Wernicke, Dieter"]
[Black "Geyler, Stefan"]
[Result "0-1"]
[WhiteElo "1631"]
[BlackElo "1797"]
[PlyCount "82"]
[EventDate "2025.08.28"]
[WhiteTeam "SV Mainspitze Ginsheim"]
[BlackTeam "BSG 1827 Eckbauer e.V."]

1. e4 c5 2. Nf3 d6 3. c3 Nf6 4. d3 g6 5. Bg5 Nbd7 6. Nbd2 Bg7 7. Qc2 O-O 8. Be2 b6 9. Nc4 Bb7 10. Ne3 h6 11. Bh4 Rc8 12. g4 Nh7 13. Nd2 b5 14. f4 Nb6 15. Rf1 d5 16. exd5 Nxd5 17. Nxd5 Bxd5 18. Bf3 Bxf3 19. Nxf3 Qd5 20. Qe2 Rfd8 21. Rd1 Qxa2 22. Kf2 Qd5 23. Qe4 Nf6 24. Bxf6 Bxf6 25. Rfe1 Qxe4 26. dxe4 e6 27. Ke2 Rxd1 28. Rxd1 Rd8 29. Ra1 Rd7 30. e5 Bd8 31. Ra6 Bb6 32. Nd2 c4 33. Ne4 Rd3 34. Ng3 Re3+ 35. Kd2 Rf3 36. Ne2 Rh3 37. Nd4 Rxh2+ 38. Kc1 Rf2 39. Nxb5 Rxf4 40. Nxa7 Bxa7 41. Rxa7 Rxg4 0-1

[Event "34.Schlosspark-Open"]
[Site "Wiesbaden-Biebrich"]
[Date "2025.08.30"]
[Round "5.72"]
[White "Froitzheim, Ralf"]
[Black "Stehning, Michel"]
[Result "1-0"]
[WhiteElo "1851"]
[BlackElo "1709"]
[PlyCount "45"]
[EventDate "2025.08.28"]
[WhiteTeam "Schachgemeinschaft Niederkassel"]
[BlackTeam "SF Braunfels"]

1. c4 e5 2. Nc3 Nc6 3. Nf3 Nf6 4. d3 d6 5. g3 g6 6. Bg2 Bg7 7. O-O O-O 8. Rb1 Re8 9. Bg5 Be6 10. b4 h6 11. Bxf6 Qxf6 12. a4 Qe7 13. e3 e4 14. Nxe4 Bxc4 15. dxc4 Qxe4 16. Nd4 Qe7 17. Nxc6 bxc6 18. Bxc6 a5 19. Bxa8 Rxa8 20. Qd5 Ra6 21. bxa5 c6 22. Qd2 Qc7 23. Rb6 1-0

[Event "34.Schlosspark-Open"]
[Site "Wiesbaden-Biebrich"]
[Date "2025.08.30"]
[Round "5.73"]
[White "Meding, Olaf"]
[Black "Depner, Michael"]
[Result "0-1"]
[WhiteElo "1842"]
[BlackElo "1723"]
[PlyCount "36"]
[EventDate "2025.08.28"]
[WhiteTeam "Sfr.Mainz 1928"]
[BlackTeam "SK 1962 Ladenburg"]

1. d4 Nf6 2. Nc3 d5 3. Bf4 a6 4. e3 c5 5. dxc5 e6 6. Nf3 Bxc5 7. a3 Nc6 8. Bd3 O-O 9. h4 Bd6 10. Ne2 e5 11. Bg3 e4 12. Bxd6 Qxd6 13. Ng5 exd3 14. Qxd3 Ne5 15. Qd4 Bf5 16. O-O-O Rfc8 17. c3 Rc4 18. Qd2 Nd3+ 0-1

[Event "34.Schlosspark-Open"]
[Site "Wiesbaden-Biebrich"]
[Date "2025.08.30"]
[Round "5.74"]
[White "Brauch, Manfred"]
[Black "Spiegel, Nina"]
[Result "1/2-1/2"]
[WhiteElo "1801"]
[BlackElo "1716"]
[PlyCount "54"]
[EventDate "2025.08.28"]
[WhiteTeam "SG Pieroth/Burg Layen"]
[BlackTeam "Sfr Stiller Zug Wiesbaden"]

1. d4 Nf6 2. Nf3 e6 3. e3 b6 4. Nbd2 Bb7 5. c4 c5 6. Bd3 d5 7. cxd5 exd5 8. Bb5+ Nbd7 9. dxc5 Bxc5 10. O-O O-O 11. Nb3 Bd6 12. Nbd4 Nc5 13. b3 Rc8 14. Bb2 a6 15. Be2 Nce4 16. Qd3 Qd7 17. Rac1 Rfe8 18. h3 h5 19. Nh2 Bb8 20. Nhf3 g6 21. b4 Qd6 22. a3 Ng5 23. Rxc8 Bxc8 24. Rc1 Bd7 25. Kf1 Nge4 26. Bd1 b5 27. Ne2 Ba7 1/2-1/2

[Event "34.Schlosspark-Open"]
[Site "Wiesbaden-Biebrich"]
[Date "2025.08.30"]
[Round "5.75"]
[White "Nabuuma, Rakhshanah"]
[Black "Schmidt, Jörg"]
[Result "0-1"]
[WhiteElo "1680"]
[BlackElo "1800"]
[PlyCount "62"]
[EventDate "2025.08.28"]
[WhiteTeam "VSG 1880 Offenbach"]
[BlackTeam "SK Niederbrechen 1948"]

1. d4 g6 2. Nf3 Bg7 3. Bf4 d6 4. e4 Bg4 5. Nc3 Nd7 6. Be2 c6 7. Qd2 Qa5 8. h3 Bxf3 9. gxf3 Ngf6 10. O-O-O O-O-O 11. Bc4 e5 12. Be3 b5 13. Bb3 Nb6 14. Bxf7 d5 15. exd5 b4 16. Be6+ Kb8 17. Nb1 Nfxd5 18. Bxd5 Rxd5 19. a3 c5 20. axb4 cxb4 21. Qe2 Qa2 22. b3 Rhd8 23. Qe1 Rc8 24. Qe2 Qxb3 25. Rd3 Qa2 26. dxe5 b3 27. Nc3 Rxc3 28. Kd1 bxc2+ 29. Ke1 Qb1+ 30. Kd2 c1=Q+ 31. Rxc1 Qxc1# 0-1

[Event "34.Schlosspark-Open"]
[Site "Wiesbaden-Biebrich"]
[Date "2025.08.30"]
[Round "5.76"]
[White "Clauss, Hendrik"]
[Black "Piacentino, Mirco"]
[Result "1-0"]
[WhiteElo "1796"]
[BlackElo "1667"]
[PlyCount "55"]
[EventDate "2025.08.28"]
[WhiteTeam "SC Bergen-Enkheim 1922"]
[BlackTeam "SV 1934 Ffm-Griesheim"]

1. d4 Nf6 2. Bg5 h6 3. Bxf6 exf6 4. e3 d5 5. g3 c5 6. Ne2 Qb6 7. Nbc3 Be6 8. Bg2 cxd4 9. exd4 Bb4 10. O-O Bxc3 11. Nxc3 Qc6 12. Qf3 Na6 13. Nxd5 Qxc2 14. Ne3 Qa4 15. b3 Qa5 16. d5 Bc8 17. Nc4 Qc5 18. Rfe1+ Kf8 19. d6 Nb8 20. Qe4 Kg8 21. Qe8+ Kh7 22. Qxf7 f5 23. Re7 Qd4 24. Rae1 Nc6 25. Bxc6 bxc6 26. Ne5 Rg8 27. Qg6+ Kh8 28. Nf7# 1-0

[Event "34.Schlosspark-Open"]
[Site "Wiesbaden-Biebrich"]
[Date "2025.08.30"]
[Round "5.78"]
[White "Derr, Georg"]
[Black "Moldenhauer, Lennart"]
[Result "0-1"]
[WhiteElo "1607"]
[BlackElo "1767"]
[PlyCount "82"]
[EventDate "2025.08.28"]
[WhiteTeam "VSG 1880 Offenbach"]
[BlackTeam "SV Oberursel"]

1. e4 g6 2. d4 Bg7 3. Nf3 d6 4. Bc4 Nf6 5. Nc3 O-O 6. h3 Nc6 7. O-O Nxe4 8. Nxe4 d5 9. Bxd5 Qxd5 10. Nc3 Qc4 11. d5 Ne5 12. Nxe5 Bxe5 13. Bh6 Rd8 14. Qf3 Bf5 15. Rae1 Bf6 16. Re3 c6 17. dxc6 Qxc6 18. Qxc6 bxc6 19. Rc1 Rab8 20. b3 Rb4 21. Rg3 Rh4 22. Bg5 Bxg5 23. Rxg5 Rd2 24. a4 Rf4 25. f3 h6 26. Rg3 Rxc2 27. Rxc2 Bxc2 28. Ne2 Rb4 29. Rg4 Rxg4 30. hxg4 Bxb3 31. Nc3 Kg7 32. Kf2 Kf6 33. Ke3 Ke5 34. a5 f5 35. gxf5 gxf5 36. f4+ Kd6 37. Kd4 h5 38. Ne2 h4 39. Kc3 Bd5 40. Nd4 Be4 41. Kb4 c5+ 0-1

[Event "34.Schlosspark-Open"]
[Site "Wiesbaden-Biebrich"]
[Date "2025.08.30"]
[Round "5.79"]
[White "Morgen, Andreas"]
[Black "Glaesser, Leonhard"]
[Result "1-0"]
[WhiteElo "1766"]
[BlackElo "1661"]
[PlyCount "111"]
[EventDate "2025.08.28"]
[WhiteTeam "SK Marburg 1931/72"]
[BlackTeam "Wiesbaden"]

1. e4 c5 2. Nf3 Nf6 3. e5 Nd5 4. Bc4 e6 5. Nc3 Nb6 6. d3 d6 7. exd6 Nxc4 8. dxc4 Qxd6 9. Qxd6 Bxd6 10. Ne4 Be7 11. Be3 b6 12. O-O-O O-O 13. Nd6 Nc6 14. Nxc8 Raxc8 15. Rd7 Rfd8 16. Rhd1 Kf8 17. Bf4 Ke8 18. Rb7 f6 19. Bc7 Rxd1+ 20. Kxd1 Kf7 21. Nd2 Kg6 22. Ne4 f5 23. Nc3 Bf6 24. Kd2 Na5 25. Rxa7 Nxc4+ 26. Kc1 Bd4 27. f3 Be3+ 28. Kb1 Bd4 29. Nd1 b5 30. b3 Ne5 31. Bb6 Nc6 32. Rd7 Kf6 33. Nb2 Rb8 34. Bc7 Ra8 35. Nd3 Ra7 36. Bd8+ Kg6 37. Nf4+ Kh6 38. Rxa7 Nxa7 39. Nxe6 Nc8 40. Nxd4 cxd4 41. Bc7 Ne7 42. a4 bxa4 43. bxa4 Nd5 44. Ba5 Kg6 45. Kb2 Kf6 46. Kb3 Ke5 47. Be1 Ne3 48. a5 Kd5 49. g3 g5 50. h3 Kc5 51. f4 h6 52. Bf2 gxf4 53. gxf4 Nd5 54. a6 Nc7 55. a7 Kd5 56. Kb4 1-0

[Event "34.Schlosspark-Open"]
[Site "Wiesbaden-Biebrich"]
[Date "2025.08.30"]
[Round "5.80"]
[White "Hafner, Hans-Peter"]
[Black "Münstermann, Matthias"]
[Result "0-1"]
[WhiteElo "1458"]
[BlackElo "1760"]
[PlyCount "52"]
[EventDate "2025.08.28"]
[WhiteTeam "Sfr.Mainz 1928"]
[BlackTeam "SK Langen"]

1. e4 c5 2. Nf3 Nc6 3. Bc4 e6 4. Nc3 Na5 5. Be2 d5 6. Bb5+ Bd7 7. Bxd7+ Qxd7 8. d4 cxd4 9. Nxd4 Bc5 10. O-O Ne7 11. e5 O-O 12. a3 Nac6 13. Nxc6 Nxc6 14. Re1 Ne7 15. Qg4 Ng6 16. h4 f5 17. Qg3 f4 18. Qg5 Be7 19. Qg4 Bxh4 20. Rd1 Qe7 21. Qe2 f3 22. Qe3 fxg2 23. Kxg2 Rxf2+ 24. Kg1 Raf8 25. Bd2 R2f3 26. Qd4 Bf2+ 0-1

[Event "34.Schlosspark-Open"]
[Site "Wiesbaden-Biebrich"]
[Date "2025.08.30"]
[Round "5.81"]
[White "Liu, Jonas"]
[Black "Cimicky, Václav"]
[Result "1-0"]
[WhiteElo "1755"]
[BlackElo "1620"]
[PlyCount "64"]
[EventDate "2025.08.28"]
[WhiteTeam "SV Oberursel"]
[BlackTeam "Sfr Stiller Zug Wiesbaden"]

1. e4 e5 2. Nf3 Nc6 3. Bc4 Be7 4. O-O Nf6 5. Re1 O-O 6. d3 d6 7. c3 Bg4 8. Nbd2 a6 9. a4 Na5 10. Ba2 c5 11. Nf1 Nc6 12. h3 Be6 13. Bxe6 fxe6 14. Qb3 Qd7 15. N1h2 Nh5 16. g3 Kh8 17. Kg2 Rf7 18. Be3 Rb8 19. Qc2 b5 20. axb5 axb5 21. Ra6 Rb7 22. Rea1 Ra7 23. Rxa7 Nxa7 24. Bxc5 Nc8 25. Be3 Rf8 26. Qe2 Nf6 27. Ng4 Nxg4 28. hxg4 Qb7 29. Rh1 Rg8 30. Qf1 Bd8 31. Ng5 Bxg5 32. Bxg5 Qf7 1-0

[Event "34.Schlosspark-Open"]
[Site "Wiesbaden-Biebrich"]
[Date "2025.08.30"]
[Round "5.82"]
[White "Weidemann, Max"]
[Black "Pfaff, Helmut"]
[Result "1-0"]
[WhiteElo "1656"]
[BlackElo "1493"]
[PlyCount "89"]
[EventDate "2025.08.28"]
[WhiteTeam "Vorw.Orient Mainz"]
[BlackTeam "Vorw.Orient Mainz"]

1. Nf3 Nc6 2. d4 d5 3. c4 e6 4. Nc3 Be7 5. Bf4 f6 6. Nb5 Bd6 7. Bxd6 cxd6 8. cxd5 exd5 9. Nc3 Be6 10. Qb3 Na5 11. Qb5+ Bd7 12. Qxd5 Ne7 13. Qxd6 Nc4 14. Qb4 Qc7 15. e3 Be6 16. Qb5+ Qc6 17. Qxc6+ bxc6 18. b3 Nd6 19. Na4 Nd5 20. Nc5 Bf5 21. Bd3 Bxd3 22. Nxd3 O-O 23. Nd2 Nb5 24. Rc1 Rfc8 25. a4 Nd6 26. Ke2 g5 27. Rc2 Ne7 28. Rhc1 a5 29. Nc4 Nxc4 30. bxc4 Ra7 31. Rb1 Rac7 32. Rcb2 Kf7 33. Nc5 f5 34. Rb7 Kg8 35. Ne6 Rxb7 36. Rxb7 Ng6 37. Nxg5 f4 38. Ne6 Re8 39. Nc5 Re7 40. Rxe7 Nxe7 41. exf4 Nf5 42. Kd3 Kf7 43. Nb7 Ke7 44. Nxa5 Kd7 45. Ke4 1-0

[Event "34.Schlosspark-Open"]
[Site "Wiesbaden-Biebrich"]
[Date "2025.08.30"]
[Round "5.83"]
[White "Cichon, Jörg"]
[Black "Shtogrin, Joseph Stephan"]
[Result "1-0"]
[WhiteElo "1744"]
[BlackElo "1483"]
[PlyCount "80"]
[EventDate "2025.08.28"]
[WhiteTeam "Sfr.Mainz 1928"]
[BlackTeam "SAbt TuS Makkabi Ffm"]

1. e4 c5 2. Nf3 d6 3. g3 Nf6 4. d3 g6 5. Bg2 Bg7 6. O-O O-O 7. Re1 Nc6 8. c3 Qb6 9. Nbd2 Be6 10. h3 h6 11. Nf1 Qc7 12. a4 a6 13. Ne3 b5 14. axb5 axb5 15. Bd2 Qd7 16. Kh2 Kh7 17. Qc2 Ra7 18. Rec1 c4 19. d4 d5 20. exd5 Nxd5 21. Nxd5 Bxd5 22. Nh4 Bxg2 23. Nxg2 Rfa8 24. Rxa7 Rxa7 25. Qd1 Na5 26. Ra1 Nb3 27. Rxa7 Qxa7 28. Qe1 Qa2 29. Nh4 Qxb2 30. Nf3 Nxd2 31. Qxd2 Qxd2 32. Nxd2 Bf6 33. Kg2 b4 34. cxb4 c3 35. Nb3 c2 36. Kf1 Bxd4 37. Ke2 Bb6 38. f3 Kg7 39. Kd2 Kf6 40. Nc5 Ke5 1-0

[Event "34.Schlosspark-Open"]
[Site "Wiesbaden-Biebrich"]
[Date "2025.08.30"]
[Round "5.86"]
[White "Will, Elina"]
[Black "Schmitt, Clemens"]
[Result "1/2-1/2"]
[WhiteElo "1606"]
[BlackElo "1889"]
[PlyCount "103"]
[EventDate "2025.08.28"]
[WhiteTeam "TuS Makkabi Wiesbaden"]
[BlackTeam "SV Bergwinkel"]

1. e4 c5 2. Nf3 Nc6 3. d4 cxd4 4. Nxd4 Nf6 5. Nc3 e5 6. Ndb5 d6 7. Bg5 a6 8. Na3 b5 9. Nd5 Be7 10. Bxf6 Bxf6 11. c3 Bg5 12. c4 b4 13. Nc2 O-O 14. Be2 a5 15. O-O Be6 16. a3 b3 17. Nce3 a4 18. Rc1 Bxd5 19. cxd5 Nd4 20. Rc3 g6 21. Bg4 f5 22. exf5 gxf5 23. Bh3 Kh8 24. Qh5 f4 25. Nc4 f3 26. Kh1 Ne2 27. Rxf3 Nf4 28. Qg4 Ra7 29. Rg3 Rg8 30. Qf5 Rag7 31. Re1 Qc7 32. Qe4 Qc5 33. Rd1 Nxh3 34. Rxh3 Qxf2 35. Nxd6 Bf4 36. Rg1 Qxb2 37. Qf5 Qxa3 38. Qf6 Rb8 39. g3 Qc5 40. Nf5 Qxd5+ 41. Rg2 Qf7 42. Qxg7+ Qxg7 43. Nxg7 b2 44. Rxb2 Rxb2 45. gxf4 Kxg7 46. fxe5 Rb3 47. Rh4 a3 48. Ra4 h5 49. Ra7+ Kg6 50. Ra6+ Kf5 51. e6 Kf6 52. h4 1/2-1/2

[Event "34.Schlosspark-Open"]
[Site "Wiesbaden-Biebrich"]
[Date "2025.08.30"]
[Round "5.87"]
[White "Strache, Rolf"]
[Black "Chen, Lilly"]
[Result "1-0"]
[WhiteElo "1684"]
[BlackElo "1567"]
[PlyCount "169"]
[EventDate "2025.08.28"]
[WhiteTeam "SK Herborn 1946"]
[BlackTeam "Sfr Stiller Zug Wiesbaden"]

1. d4 d6 2. c4 g6 3. Nf3 Bg7 4. e4 a6 5. Nc3 Nd7 6. Be2 e6 7. O-O Ne7 8. Bg5 h6 9. Bd2 O-O 10. Qc2 b6 11. Rab1 Bb7 12. Rfd1 c5 13. dxc5 Nxc5 14. b4 Bxc3 15. bxc5 Bxd2 16. Rxd2 Nc8 17. cxd6 Nxd6 18. Qc1 Bxe4 19. Rxb6 Qxb6 20. Rb2 Qc5 21. Qxh6 Nf5 22. Qf4 Bxf3 23. Bxf3 Rad8 24. Qg5 Qd4 25. Qc1 Rc8 26. Rc2 e5 27. Bb7 Rcd8 28. Bd5 Ne7 29. Rd2 Qc5 30. Qd1 Nxd5 31. cxd5 Rd6 32. h4 Rfd8 33. h5 gxh5 34. Qxh5 Qc1+ 35. Rd1 Qh6 36. Qxe5 f6 37. Qe2 Rxd5 38. Qe6+ Kg7 39. Rxd5 Qc1+ 40. Kh2 Rh8+ 41. Kg3 Qc3+ 42. Qe3 Qc4 43. Rd7+ Kg6 44. Qd3+ Qxd3+ 45. Rxd3 Rh5 46. Ra3 Rg5+ 47. Kh2 a5 48. Rg3 Rxg3 49. Kxg3 Kf5 50. Kf3 Ke5 51. Ke3 f5 52. g3 Kd5 53. f3 Ke5 54. Kd3 Kd5 55. g4 f4 56. g5 Ke5 57. g6 Kf6 58. g7 Kxg7 59. Ke4 Kf6 60. Kxf4 a4 61. a3 Kg6 62. Ke5 Kf7 63. f4 Ke7 64. f5 Kf7 65. f6 Ke8 66. Kd6 Kf7 67. Kc5 Kxf6 68. Kb5 Ke6 69. Kxa4 Kd5 70. Kb5 Kd6 71. Kb6 Kd7 72. Kb7 Kd6 73. a4 Kc5 74. a5 Kc4 75. a6 Kc5 76. a7 Kd4 77. a8=Q Ke5 78. Qd8 Ke6 79. Kc6 Kf7 80. Kd6 Kg7 81. Ke6 Kg6 82. Qf6+ Kh7 83. Qg5 Kh8 84. Kf6 Kh7 85. Qg7# 1-0